| Tag |
First Indicator |
Second Indicator |
Subfields |
| LEADER |
00000cam a2200000Ia 4500 |
| 001 |
in00002425391 |
| 005 |
20151109153051.0 |
| 008 |
710602r19701898ko abf 001 0 eng d |
| 020 |
|
|
|a 8971411996
|
| 020 |
|
|
|a 9788971411995
|
| 029 |
0 |
|
|a AU@
|b 000007295604
|
| 035 |
|
|
|a (OCoLC)ocn220843241
|
| 035 |
|
|
|a (OCoLC)142821
|
| 035 |
|
|
|a (OCoLC)220843241
|
| 040 |
|
|
|a AU@
|b eng
|c AU@
|d TXA
|d UtOrBLW
|
| 043 |
|
|
|a a-kr---
|
| 049 |
|
|
|a TXAM
|
| 082 |
0 |
4 |
|a 915.19/04/2
|
| 090 |
|
|
|a DS902.2
|b .B57 1970b
|
| 100 |
1 |
|
|a Bird, Isabella L.
|q (Isabella Lucy),
|d 1831-1904.
|
| 245 |
1 |
0 |
|a Korea and her neighbours :
|b a narrative of travel, with an account of the recent vicissitudes and present position of the country /
|c by Isabella Bird Bishop ; with a preface by Walter C. Hillier.
|
| 264 |
|
1 |
|a Seoul, Korea :
|b Yonsei University Press,
|c 1970.
|
| 300 |
|
|
|a v, 488 pages, <25> leaves of plates :
|b illustrations ;
|c 22 cm. +
|e 2 maps
|
| 336 |
|
|
|a text
|b txt
|2 rdacontent
|
| 337 |
|
|
|a unmediated
|b n
|2 rdamedia
|
| 338 |
|
|
|a volume
|b nc
|2 rdacarrier
|
| 490 |
1 |
|
|a A series of reprints of Western books on Korea ;
|v no. 4
|
| 500 |
|
|
|a Includes index.
|
| 500 |
|
|
|a Facsimile reprint of original: New York : F.H. Revell, 1898.
|
| 600 |
1 |
0 |
|a Bird, Isabella L.
|q (Isabella Lucy),
|d 1831-1904
|x Travel
|z Korea.
|
| 651 |
|
0 |
|a Korea
|x Description and travel.
|
| 651 |
|
0 |
|a Korea
|x Social life and customs
|y 1392-1910.
|
| 651 |
|
0 |
|a Korea
|x History
|y 1864-1910.
|
| 830 |
|
0 |
|a Ries of reprints of Western books on Korea ;
|v no. 4.
|
| 994 |
|
|
|a C0
|b TXA
|
| 948 |
|
|
|a cataloged
|b h
|c 2008/11/4
|d c
|e nbehmer
|f 9:42:17 am
|
| 999 |
|
|
|a MARS
|
| 999 |
f |
f |
|s 5547decf-62de-3a0d-bb69-39ef22894dea
|i eee025bb-1512-3aab-9a11-8ef65b607273
|t 0
|
| 952 |
f |
f |
|p normal
|a Texas A&M University
|b College Station
|c Sterling C. Evans Library
|d Evans: Library Stacks
|t 0
|e DS902.2 .B57 1970b
|h Library of Congress classification
|i unmediated -- volume
|m A14837374097
|
| 998 |
f |
f |
|a DS902.2 .B57 1970b
|t 0
|l Evans: Library Stacks
|